Weiter zum Inhalt

Конституционное право Российской Федераци учебное пособие

Раскрываются основные темы курса «Конституционное право Российской Федерации» по программе юридических вузов на основе новейшего законодательства, выделяются главные положения Конституции, федеральных конституционных законов, федеральных законов, относящихся к предмету отрасли конституционного права...

Ausführliche Beschreibung

Gespeichert in:
Bibliographische Detailangaben
1. Verfasser: Карпушкин А. В.
Format: Книга
Sprache:Russian
Veröffentlicht: Пенза ПГУ 2019
Online Zugang:https://e.lanbook.com/book/322709
https://e.lanbook.com/img/cover/book/322709.jpg
Tags: Tag hinzufügen
Keine Tags, Fügen Sie den ersten Tag hinzu!
LEADER 02320nam0a2200265 i 4500
001 322709
003 RuSpLAN
005 20240216150941.0
008 240216s2019 ru gs 000 0 rus
020 |a 978-5-907262-15-7 
040 |a RuSpLAN 
041 0 |a rus 
044 |a ru 
080 |a 342(075) 
245 0 0 |a Конституционное право Российской Федераци  |b учебное пособие  |c Карпушкин А. В. 
260 |a Пенза  |b ПГУ  |c 2019 
300 |a 262 с. 
504 |a Библиогр.: доступна в карточке книги, на сайте ЭБС Лань 
520 8 |a Раскрываются основные темы курса «Конституционное право Российской Федерации» по программе юридических вузов на основе новейшего законодательства, выделяются главные положения Конституции, федеральных конституционных законов, федеральных законов, относящихся к предмету отрасли конституционного права. Призвано оказать помощь студентам при подготовке к семинарским занятиям, зачетам и экзаменам. Издание подготовлено на кафедре государственно-правовых дисциплин в соответствии с учебными планами Пензенского государственного университета и предназначено для обучающихся по направлению подготовки 40.03.01 «Юриспруденция» и специальностям 40.05.02 «Правоохранительная деятельность», 40.05.04 «Судебная и прокурорская деятельность». 
521 8 |a Книга из коллекции ПГУ - Право. Юридические науки 
521 8 |a СЭБ 
100 1 |a Карпушкин А. В. 
856 4 |u https://e.lanbook.com/book/322709 
856 4 8 |u https://e.lanbook.com/img/cover/book/322709.jpg 
953 |a https://e.lanbook.com/img/cover/book/322709.jpg